000 01559cam a22004574i 4500
003 PE-LiUPU
005 20250731173441.0
008 150616s r 000 0 d
020 _a8471517450
035 _a(Sirsi) i9788471517456
040 _aPE-LiUPU
_bspa
_cPE-LiUPU
_erda
049 _aPRUA
082 0 4 _a232
_bC45
_221
100 1 _aCervantes Gabarrón, José,
_eautor.
245 1 3 _aLa Pasión de Jesucristo en la Primera Carta de Pedro.
264 1 _aEspaña :
_bVerbo divino,
_c1991.
300 _a434 páginas ;
_c23 centímetros
336 _atext
_2rdacontent
337 _aunmediated
_2rdamedia
338 _avolume
_2rdacarrier
505 0 _aEstructura de la carta.- Los procedimientos literarios.- La pasión en la estructura de 1a. de Pedro.- Exégesis y estudios de textos.
526 _aSEG42
526 _aSEG41
526 _aSEG40
526 _aSEG39
526 _aP94
526 _aP87
526 _aP86
526 _aP85
526 _aP77
526 _aP76
526 _aP35
650 0 4 _aPASION DE JESUS - HERMENEUTICA BIBLICA.
910 _ajck
_bjvq
_cjck
942 _2ddc
_cBOOK
949 _a232 C45
_wDEWEY
_c1
_i39324
_lCCODEBUL1
_mBUL
_r0
_sY
_tBOOK
_u2015-6-16
_xTEOLOGIA
_zUNKNOWN
_0COMPRA
_o.STAFF. Colección General
994 _aC0
_bPEPRU
596 _a1
999 _a232 C45
_wDEWEY
_c56789
_i39324
_f2021-11-9
_g5
_lCCODEBUL1
_mBUL
_r0
_sY
_tBOOK
_u2015-6-16
_xTEOLOGIA
_zUNKNOWN
_0COMPRA
_o.STAFF. Colección General
_d56789
980 _81
_gALBERTO SANCHEZ Responsable de Automatización